000 01089nam a22002657a 4500
999 _c65327
_d65327
005 20240530110819.0
008 190708s2019 ua a g b 00| 0 ara d
017 _a8584
_bمصر. دار الكتب
020 _a9789777332279
040 _aEG-CaGPL
_cEG-CaGPL
082 _221
_a332.17 /
_bم ش
100 0 _aمحمود محمد خيرالدين
245 1 2 _aالشمول المالى ودورة فى تحقيق التنمية الاقتصادية :
_bنماذج دولية /
_cمحمود محمد خيرالدين
260 _aالاسكندرية :
_bدار التعليم الجامعى،
_c2019.
300 _a123 ص. :
_bجداول ؛
_c24 سم.
504 _aيشتمل على ارجاعات ببليوجرافية
650 0 7 _2qrmak
_aالتنمية الاقتصادية
650 0 7 _2qrmak
_aالتكامل الاقتصادى
650 0 7 _2qrmak
_aالاستثمار
650 0 7 _2qrmak
_aالتخطيط الاقتصاد
650 0 7 _2qrmak
_aالكفاية الانتاجية
651 _2qrmak
942 _2ddc
_cBK